000 00707cab a2200217 4500
001 WB2610-02
008 090401t1990 xxu||||| |||| 00| 0 eng d
035 _a(Sirsi) u3312
041 _aeng
245 _aRefurbishment fund for museums
260 _c1990
350 _a0
490 _aGuardian
_v7/3/90 p3
520 _aA £12m fund has been launched by the Government and the Wolfson Foundation to help restore and refurbish Britain`s museums .
650 _aArts and antiques
_96217
650 _aBUILT ENVIRONMENT-BUILDING MAINTENANCE AND REFURBISHMENT
650 _aBUILT ENVIRONMENT-BUILDING MAINTENANCE AND REFURBISHMENT
690 _aBUILT ENVIRONMENT
942 _n0
948 _c04/03/1997
999 _c2024
_d2024